000 00320nam a2200121Ia 4500
008 191201s2018 xx 000 0 und d
100 _aCHANDAK, Shyam
245 0 _aPharmaceutical Jurisprudence
260 _bNirali Pub
_aNew Delhi
_c2018
300 _aMISC
650 _aPharmaceutical Jurisprudence
942 _2ddc
_cBK
_014
999 _c8291
_d8291